As 5 Tčnicas Empr̕icas de Estudar para Provas e Concursos

Detalles Bibliográficos
Autor principal: Lisboa, Ilson
Formato: eBook
Lenguaje:portugués
Publicado: San Pablo: JH Mizuno, 2019
Materias:
Acceso en línea:Acceso restringido

MARC

LEADER 00000nam a22000007a 4500
005 20190723002531.0
007 cr|||| ||||
008 190723s2019 br |||||s|||| 00||0 por d
020 |a 978-85-7789-439-0 
035 |a 23817 
040 |a vLex 
090 |c 9046  |d 9046 
100 1 |a Lisboa, Ilson 
245 1 2 |a As 5 Tčnicas Empr̕icas de Estudar para Provas e Concursos  |h [Recurso electrn̤ico] /  |c Ilson Lisboa 
256 |a Servicio en ln̕ea 
260 |a San Pablo:  |b JH Mizuno,  |c 2019 
300 |a 1 recurso electrn̤ico 
500 |a "Nesta diferenciada obra, todos vocs̊, concurseiros, vestibulandos, acadm̊icos, professores, educadores, pais, mês e aqueles que querem aprender para ter sucesso pessoal e profissional, com aprovaė̳s nos exames, nas provas, nos vestibulares e, principalmente, nos concursos pb︢licos, encontrarô uma metodologia simples e inovadora de estudar. Esta eficiente metodologia ensina a organizar as disciplinas e a estudar os conted︢os das matřias para potencializar os estudos e maximizar, tanto o aprendizado quanto o conhecimento adquirido, por meio do emprego das “5 Tčnicas Empr̕icas de Estudar para Provas e Concursos”. É uma obra com o requinte e a genialidade do professor Ilson Lisboa. O leitor vai se surpreender com a efetividade das “5 Tčnicas” ao obter na prt̀ica os resultados expressivos da eficin̊cia e da eficc̀ia de cada uma delas. Iracema Ferreira Lisboa Educadora h ̀mais de 40 anos, Pedagoga, Professora, Ex-Diretora Escolar, Gestora de curso preparatr̤io para concursos pb︢licos." 
506 1 |a Disponible solo en los productos indicados  |d vLex Global  |d vLex Global (Academic Edition, excluding Law Schools)  |d vLex Global (U.S. Academic Edition, Law Schools)  |d vLex Global (U.S. Academic Edition, excluding Law Schools)  |d vLex Global (Academic Edition, Law Schools) 
650 0 4 |a Concursos  |z Brasil 
740 0 |a vLex Libros (Servicio en ln̕ea) 
856 4 0 |u http://vlex.com/source/as-5-tecnicas-empiricas-de-estudar-para-provas-e-concursos-23817  |z Acceso restringido 
942 |c BOOK 
999 0 |a Contests